|
|
|
|
| LEADER |
00000nab a2200000 a 4500 |
| 001 |
vtls010254655 |
| 003 |
SK-MaSNL |
| 005 |
20260304162125.0 |
| 008 |
25050723c2006 xo o e slol |
| 035 |
|
|
|a SVKKK000083817
|
| 035 |
|
|
|a urn:nbn:sk:snk-abd5z0
|
| 035 |
|
|
|a (urnnbn)urn:nbn:sk:snk:ar-005e1b
|
| 035 |
|
|
|a (uuid)891b3b68-3a57-4095-91aa-c4d69df9b70a
|
| 038 |
|
|
|a SVKKK
|
| 040 |
|
|
|a SNKBUCL
|b slo
|c SNKBUCL
|e AACR2
|
| 041 |
0 |
|
|a slo
|b eng
|b slo
|
| 044 |
|
|
|a xo
|c SK
|
| 080 |
|
|
|a 620.191.31
|2 1997
|
| 080 |
|
|
|a 621.746.6
|2 1997
|
| 080 |
|
|
|a 669.15-412-147
|2 1997
|
| 245 |
0 |
0 |
|a Príčiny vzniku priečnych rohových trhlín na povrchu plynule odlievaných brám a možnosti ich eliminácie
|c L. Gulová ... [et al.]
|
| 300 |
|
|
|b Obr., tab.
|
| 504 |
|
|
|a Bibliogr. odkazy
|
| 504 |
|
|
|a Res. angl., slov.
|
| 650 |
0 |
7 |
|a bramy plynule odlievané
|x kvalita povrchová
|x chladenie sekundárne
|x trhliny priečne rohové
|2 snkbucl
|9 1487124
|
| 700 |
1 |
|
|a Beháň, B.
|4 aut
|9 449527
|
| 700 |
1 |
|
|a Gulová, L.
|4 aut
|9 1482230
|
| 700 |
1 |
|
|a Kováč, J.
|4 aut
|9 307527
|
| 700 |
1 |
|
|a Lukačin, M.
|4 aut
|9 1487125
|
| 700 |
1 |
|
|a Luptak, M.
|4 aut
|9 311132
|
| 700 |
1 |
|
|a Peregrin, S.
|4 aut
|9 1487126
|
| 700 |
1 |
|
|a Valíček, J.
|4 aut
|9 794052
|
| 773 |
0 |
|
|t Acta metallurgica slovaca
|g Roč. 12, č. 1 (2006), s. 69-77
|x 1335-1532
|
| 850 |
|
|
|a Slovenská národná knižnica
|
| 852 |
|
|
|a Slovenská národná knižnica
|
| 954 |
|
|
|a odborná, vedecká literatúra pôvodná (slovenská)
|2 lita
|
| 958 |
|
|
|a article17
|
| 958 |
|
|
|a NB
|
| 958 |
|
|
|a OND
|
| 958 |
|
|
|a EUIPO
|
| 999 |
|
|
|c 2973449
|d 2975379
|